Controversies in international relations theory : (Record no. 27979)
[ view plain ]
| 000 -LEADER | |
|---|---|
| fixed length control field | 01642cam a22003495i 4500 |
| 001 - CONTROL NUMBER | |
| control field | 3489813 |
| 003 - CONTROL NUMBER IDENTIFIER | |
| control field | EG-ScBUE |
| 005 - DATE AND TIME OF LATEST TRANSACTION | |
| control field | 20200130110321.0 |
| 008 - FIXED-LENGTH DATA ELEMENTS--GENERAL INFORMATION | |
| fixed length control field | 940811t1995 nyu f b 001 0 eng d |
| 020 ## - INTERNATIONAL STANDARD BOOK NUMBER | |
| International Standard Book Number | 0312096534 |
| 020 ## - INTERNATIONAL STANDARD BOOK NUMBER | |
| International Standard Book Number | 9780312096533 |
| 040 ## - CATALOGING SOURCE | |
| Original cataloging agency | DLC |
| Language of cataloging | eng |
| Description conventions | rda |
| Transcribing agency | DLC |
| Modifying agency | DLC |
| -- | EG-ScBUE |
| 082 04 - DEWEY DECIMAL CLASSIFICATION NUMBER | |
| Classification number | 327.101 |
| Item number | CON |
| Edition number | 22 |
| 245 00 - TITLE STATEMENT | |
| Title | Controversies in international relations theory : |
| Remainder of title | realism and the neoliberal challenge / |
| Statement of responsibility, etc | [edited by] Charles W. Kegley, Jr., University of South Carolina. |
| 264 #1 - PUBLICATION, DISTRIBUTION, ETC. (IMPRINT) | |
| Place of publication, distribution, etc | New York : |
| Name of publisher, distributor, etc | St. Martin's Press, |
| Date of publication, distribution, etc | [1995] |
| 264 #4 - PUBLICATION, DISTRIBUTION, ETC. (IMPRINT) | |
| Date of publication, distribution, etc | c1995 |
| 300 ## - PHYSICAL DESCRIPTION | |
| Extent | x, 374 pages ; |
| Dimensions | 24 cm |
| 336 ## - CONTENT TYPE | |
| Content type term | text |
| Content type code | txt |
| Source | rdacontent |
| 337 ## - MEDIA TYPE | |
| Media type term | unmediated |
| Media type code | n |
| Source | rdamedia |
| 338 ## - CARRIER TYPE | |
| Carrier type term | volume |
| Carrier type code | nc |
| Source | rdacarrier |
| 504 ## - BIBLIOGRAPHY, ETC. NOTE | |
| Bibliography, etc | Includes bibliographical references and index. |
| 520 ## - SUMMARY, ETC. | |
| Summary, etc | This new reader in international theory brings together nine new essays and four classics, two of them heavily revised for republication here, to provide a clear introduction to the two dominant traditions in contemporary international relations: realism and neoliberalism. |
| 650 #7 - SUBJECT ADDED ENTRY--TOPICAL TERM | |
| Topical term or geographic name as entry element | International relations |
| General subdivision | Philosophy. |
| Source of heading or term | BUEsh |
| 650 #7 - SUBJECT ADDED ENTRY--TOPICAL TERM | |
| Topical term or geographic name as entry element | Realism. |
| Source of heading or term | BUEsh |
| 650 #7 - SUBJECT ADDED ENTRY--TOPICAL TERM | |
| Topical term or geographic name as entry element | Idealism. |
| Source of heading or term | BUEsh |
| 653 ## - INDEX TERM--UNCONTROLLED | |
| Resource For college | MASTER - Political Science |
| -- | BAEPS, Political Science |
| Arrived date list | January2020 |
| 700 1# - ADDED ENTRY--PERSONAL NAME | |
| Personal name | Kegley, Charles W., |
| Relator term | editor. |
| 9 (RLIN) | 11140 |
| 856 42 - ELECTRONIC LOCATION AND ACCESS | |
| Materials specified | Contributor biographical information |
| Uniform Resource Identifier | <a href="http://www.loc.gov/catdir/enhancements/fy1302/94065226-b.html">http://www.loc.gov/catdir/enhancements/fy1302/94065226-b.html</a> |
| 856 42 - ELECTRONIC LOCATION AND ACCESS | |
| Materials specified | Publisher description |
| Uniform Resource Identifier | <a href="http://www.loc.gov/catdir/enhancements/fy1302/94065226-d.html">http://www.loc.gov/catdir/enhancements/fy1302/94065226-d.html</a> |
| 856 41 - ELECTRONIC LOCATION AND ACCESS | |
| Materials specified | Table of contents only |
| Uniform Resource Identifier | <a href="http://www.loc.gov/catdir/enhancements/fy1302/94065226-t.html">http://www.loc.gov/catdir/enhancements/fy1302/94065226-t.html</a> |
| 942 ## - ADDED ENTRY ELEMENTS (KOHA) | |
| Source of classification or shelving scheme | Dewey Decimal Classification |
| Koha item type | Book - Borrowing |
No items available.